| 000 | 00321nam a22001337a 4500 | ||
|---|---|---|---|
| 003 | SGT | ||
| 082 |
_a615.538 _bV15G |
||
| 100 | _aGUPTA, SATYAPAL | ||
| 245 | _aVAISWIK EAVM AYURVEDA DARSAN KE PRIPREKASYA ME TATHWA NIRUPAN | ||
| 260 |
_aVARANASI _bRANJAN PUB _c2015 |
||
| 300 | _a132 | ||
| 650 | _aAYURVEDA | ||
| 942 |
_2ddc _cBK |
||
| 999 |
_c8603 _d8603 |
||